00408nam a22001577a 450000500170000001000150001702000260003203500130005803700180007108200080008910000140009724500340011126000390014527000460018430000200023020150915145040.0 aENG-113935 c200.00a9789350450413 aEN-97467 bDBAD/PUBadpl a881 aRajkumari aLord I forget /cby Rajkumari aCalcutta bWriters Workshop c2012 a162/92, Lake Gardens, bCalcutta e700045 a172p.c22cm(Hb)